|
|
|
|
| LEADER |
00856pam a22002538a 4500 |
| 001 |
00039159 |
| 005 |
20171026081025.0 |
| 008 |
170518s2006 ||||||Viesd |
| 041 |
0 |
# |
|a Vie
|
| 082 |
1 |
4 |
|a 951
|b L302S
|
| 100 |
1 |
# |
|a Will Durant
|
| 245 |
1 |
0 |
|a Lịch sử văn minh Trung Hoa
|c Will Durant, Nguyễn Hiến Lê - dịch
|
| 260 |
# |
# |
|a Tp Hồ Chí Minh
|b Văn hóa Thông tin
|c 2006
|
| 300 |
# |
# |
|a 358 tr.
|c 19 cm
|
| 653 |
# |
# |
|a Lịch sử
|
| 653 |
# |
# |
|a Trung Hoa
|
| 653 |
# |
# |
|a Văn Minh
|
| 700 |
1 |
# |
|a Nguyễn, Hiến Lê
|e Dịch
|
| 852 |
# |
# |
|b Kho mượn
|j KGT.0052722, KGT.0052979, KGT.0052980
|
| 852 |
# |
# |
|b Kho đọc
|j KD.0020920
|
| 852 |
# |
# |
|j KGT.0052979
|j KGT.0052980
|j KGT.0052722
|j KD.0020920
|
| 910 |
|
|
|d 18/05/2017
|
| 980 |
# |
# |
|a Trung tâm Học liệu Lê Vũ Hùng, Trường Đại học Đồng Tháp
|